The pupil as scientist?
Αποθηκεύτηκε σε:
| Κύριος συγγραφέας: | |
|---|---|
| Μορφή: | Βιβλίο |
| Γλώσσα: | English |
| Δημοσίευση: |
Philadelphia :
Open University Press,
1983
|
| Θέματα: | |
| Ετικέτες: |
Προσθήκη ετικέτας
Δεν υπάρχουν, Καταχωρήστε ετικέτα πρώτοι!
|
MARC
| LEADER | 00000nam a2200000 i 4500 | ||
|---|---|---|---|
| 001 | 1/74511 | ||
| 008 | 970903s1983 eng d | ||
| 020 | |a 0-335-10178-X | ||
| 035 | |a 1990 |b 3 |c Χατζηνικήτα |l 10031835 | ||
| 040 | |a GR-MY-UA |b gre |e aacr | ||
| 041 | 0 | |a eng | |
| 082 | 0 | |a 507.1 | |
| 100 | 1 | |a Driver, Rosalind. | |
| 245 | 1 | 4 | |a The pupil as scientist? / |c Rosalind Driver |
| 260 | |a Philadelphia : |b Open University Press, |c 1983 | ||
| 300 | |a 113 p. | ||
| 650 | 0 | 0 | |a Science |x Study and teaching. |
| 852 | |a INST |b RHODES |e 19970903 |h 507.1 DRI |p 005400007964 |q 005400007964 |t BK |y 0 | ||
| 909 | |a Ρ |b 018200 |c 1990 | ||